Responses for Show #1910 - Friday, December 18, 1992

Contestants

[<< previous game]

Dan Teebor, a development associate from Playa Del Rey, California

Lillian Bosworth, a teacher from San Diego, California

Harry Koga, a student affairs assistant from Berkeley, California (whose 2-day cash winnings total $16,800)

[next game >>]

Jeopardy! Round responses

THE MOON
TELEVISION
PRESIDENTIAL LIBRARIES
ALICE IN WONDERLAND
ETIQUETTE
"P"s & "Q"s
    $100 1
gravity

Harry
    $100 6
Paper

Harry
    $100 11
Franklin Delano Roosevelt

Harry
    $100 17
(Dan: Who was the March Hare?)

the White Rabbit

LillianDan
    $100 21
cards

Harry
    $100 13
a quarter note

Dan
    $200 2
seas

Harry
    $200 7
Mystery!

Harry
    $200 12
(Harry: Who is Nixon?)

Ronald Reagan

HarryLillian
    $200 18
a frog

Lillian
    $200 27
a corsage

Dan
    $200 14
a pie

Harry
    $300 3
a crater

Dan
    $300 8
(Lillian: I blanked.)

Jim Phelps

Lillian
Triple Stumper
    $300 15
(Lillian: Who is Adams?)

JFK

Lillian
Triple Stumper
    $300 19
(Harry: What is a magic [*]?)

a mushroom

Harry
    $300 28
the heart

Dan
    $300 24
Queensberry

Dan
    $400 4
H.G. Wells

Harry
    $400 9
Howdy Doody

Lillian
    $400 16
(Harry: Who is Nixon?)

Carter

HarryLillian
    $400 20
(Lillian: Who's the Red Queen?)

The Queen of Hearts

LillianDan
    $400 29
a spoon

Harry
    $400 25
porcine

Lillian
    $700 5
the new moon

Harry
    $500 10
(Alex: Interesting play on the word.)

a writer

Harry
    $500 22
(University of) Michigan

Lillian
    $500 23
the Dormouse

Lillian
    $500 30
a lemon

Lillian
    $500 26
Pele

Harry

Scores at the first commercial break (after clue 14):

Harry Lillian Dan
$2,300 $300 $400

Scores at the end of the Jeopardy! Round:

Harry Lillian Dan
$3,200 $2,200 $1,500

Double Jeopardy! Round responses

EXPLORERS
PENNSYLVANIA
FEMALE NOBEL LAUREATES
U.S. GOVERNMENT
POETS
SHRUBS & BUSHES
    $200 17
Zebulon Pike

Lillian
    $200 6
Hershey

Harry
    $200 26
Mother Teresa

Dan
    $200 1
the FCC (Federal Communications Commission)

Harry
    $200 8
Robbie Burns

Harry
    $200 13
a rose

Harry
    $400 22
Hernan Cortes

Harry
    $400 7
coal

Lillian
    $400 27
Glucose

Lillian
    $400 2
the FAA (Federal Aviation Administration)

Dan
    $400 9
(Harry: Who is Tennyson?)

Lord Byron

HarryLillian
    $400 14
a holly

Harry
    $600 23
Champlain

Lillian
    $600 19
Harrisburg

Dan
    $600 28
Ulster (or Northern Ireland)

Harry
    $600 3
(Lillian: What's the Marine Corps?)

the FBI

HarryLillian
    $600 10
Alice Walker

Dan
    $600 15
tapioca

Lillian
    $800 24
Ponce de Leon

Harry
    $800 20
Pittsburgh

Dan
    $800 29
chemistry

Dan
    $800 4
the Department of Justice

Dan
    $800 11
(Thomas) Gray

Lillian
    $800 16
the lilac

Triple Stumper
    $1000 25
Vasco da Gama

Triple Stumper
    $1000 21
The Delaware

Lillian
    $1,000 30
South Africa

Dan
    $1000 5
(Harry: What is the FDA?)

the FTC (Federal Trade Commission)

Harry
Triple Stumper
    $1000 12
Stevie Smith

Triple Stumper
    $500 18
pussywillow

Lillian

Scores at the end of the Double Jeopardy! Round:

Harry Lillian Dan
$5,400 $6,500 $6,700

[wagering suggestions for these scores]

Final Jeopardy! Round responses

HISTORIC NAMES
HarryWho are the Hapsburgs?
$5,400
LillianWho were the Rothchilds?
$6,500
DanWho were Borgias
$3,700
the Rothschilds

Final scores:

Harry Lillian Dan
$0 $13,000 $3,000
3rd place: Aiwa stereo system + Wheel of Fortune & Jeopardy! games for the Super Nintendo & Sega Genesis New champion: $13,000 2nd place: trip to Quail Lodge Resort, Carmel, California + Pinseeker golf clubs

Game dynamics:

Coryat scores:

Harry Lillian Dan
$5,200 $7,000 $6,700
22 R
(including 1 DD),
4 W
18 R
(including 1 DD),
4 W
14 R
(including 1 DD),
1 W

Combined Coryat: $18,900

[game clues] [game scores] [suggest correction]

Game tape date: 1992-09-01
The J! Archive is created by fans, for fans. Scraping, republication, monetization, and malicious use prohibited; this site may use cookies and collect identifying information. See terms. The Jeopardy! game show and all elements thereof, including but not limited to copyright and trademark thereto, are the property of Jeopardy Productions, Inc. and are protected under law. This website is not affiliated with, sponsored by, or operated by Jeopardy Productions, Inc. Join the discussion at JBoard.tv.